Unrivaled 2025 Roster - Statistics

General Stats
  • This quiz has been taken 48 times
  • The average score is 22 of 36
Answer Stats
Team Player % Correct
MIST Breanna Stewart
100%
LUNAR OWLS Napheesa Collier
95%
MIST Aaliyah Edwards
90%
ROSE Angel Reese
90%
LUNAR OWLS Courtney Williams
90%
PHANTOM Natasha Cloud
85%
LUNAR OWLS Allisha Gray
80%
ROSE Chelsea Gray
80%
LACES Jackie Young
75%
LACES Kate Martin
75%
LACES Alyssa Thomas
70%
PHANTOM Brittney Griner
70%
VINYL Rhyne Howard
70%
PHANTOM Sabrina Ionescu
70%
VINYL Aliyah Boston
65%
ROSE Lexie Hull
65%
LUNAR OWLS Skylar Diggins-Smith
65%
VINYL Arike Ogunbowale
60%
LUNAR OWLS Cameron Brink
60%
ROSE Kahleah Copper
60%
PHANTOM Marina Mabrey
60%
MIST Rickea Jackson
60%
ROSE Azurá Stevens
55%
MIST DiJonai Carrington
55%
ROSE Brittney Sykes
50%
VINYL Rae Burrell
50%
PHANTOM Satou Sabally
50%
LUNAR OWLS Shakira Austin
45%
LACES Tiffany Hayes
45%
MIST Courtney Vandersloot
40%
PHANTOM Katie Lou Samuelson
40%
LACES Kayla McBride
40%
LACES Stefanie Dolson
35%
MIST Jewell Loyd
20%
VINYL Jordin Canada
20%
VINYL Daerica Hambry
0%
No matching quizzes found
Score Distribution
Percent of People with Each Score
Percentile by Number Answered
Your Score History
You have not taken this quiz